00788 a2200181 4500003000500000005001700005040000900022082001600031100002500047245007000072260004300142300000800185505018300193650006000376942002500436999001900461952012600480Nust20230201135307.0 cNust a927.954,ASA a Asad,Muhammad91343 aThe principles of state and Government in Islam / cMuhammad Asad aKuala LumparbIslamic book trustc2007 a111 aThe Issue Before Us (Page-1), Terminology And Historical Precedent (Page-18), Government (Page-30), Relationship Between (Page-51), The Citizens (Page-69), Conclusion (Page-95). aThe principles of state and government in islam9108411 2ddccBKk927.954,ASA c186955d186955 00102ddc4070aMCSbMCScGENd2016-12-12o927.954,ASApMCS33543r2016-12-08w2016-12-12yBKzAlmirah No. 59, Shelf No.6